Stadtbezirke Münchens Karten-Quiz - Statistiken

Allgemein
  • Dieses Quiz wurde 710 mal gespielt
  • Das Durchschnittsergebnis liegt bei 12 aus 25
Antworten auf der Karte
Die Antworten werden auf der Karte rot bzw. grün angezeigt, abhängig davon wie oft sie richtig erraten wurden.
 
Antwortstatistiken
Antwort % Korrekt
Altstadt-Lehel
62%
Maxvorstadt
60%
Schwabing-Freimann
59%
Neuhausen-Nymphenburg
56%
Thalkirchen-Obersendling-Forstenried-Fürstenried-Solln
56%
Trudering-Riem
55%
Pasing-Obermenzing
51%
Schwabing-West
51%
Ramersdorf-Perlach
50%
Untergiesing-Harlaching
50%
Bogenhausen
49%
Ludwigsvorstadt-Isarvorstadt
48%
Au-Haidhausen
47%
Berg am Laim
47%
Feldmoching-Hasenbergl
47%
Sendling-Westpark
47%
Moosach
46%
Sendling
46%
Allach-Untermenzing
45%
Laim
44%
Milbertshofen-Am Hart
44%
Hadern
42%
Schwanthalerhöhe
41%
Aubing-Lochhausen-Langwied
40%
Obergiesing-Fasangarten
40%
Keine übereinstimmenden Quizze gefunden
Verteilung der Resultate
Anzahl Personen mit jedem Resultat
Perzentil nach korrekt beantworteten Fragen
Ihre Resultats-Entwicklung
Sie haben dieses Quiz noch nicht gespielt